000 00733cab a2200241 4500
001 ABS53919
008 090401t1995 xxu||||| |||| 00| 0 eng d
035 _a(Sirsi) u7406
041 _aeng
100 _aLane, C.
245 _aPreoccupied with costs
260 _c1995
350 _a0
490 _aProperty Week
_v53(7) 16 November 1995, 41(1)
520 _aLooks at ways in which companies are trying to make better use of their workspace, including longer opening hours, shift work, outsourcing and cutting operational costs.
650 _aOPERATIONAL COSTS
650 _aOUTSOURCING
650 _aSHIFTWORK
650 _aWORKSPACE
690 _aCOMMERCIAL PROPERTY-MANAGEMENT
942 _n0
948 _c04/03/1997
999 _c4474
_d4474